Tiny Tot 1001 words in prectice / (Record no. 550199)

000 -LEADER
fixed length control field 00487nam a2200169 a 4500
020 ## - INTERNATIONAL STANDARD BOOK NUMBER
International Standard Book Number 0434959936
082 00 - DEWEY DECIMAL CLASSIFICATION NUMBER
Classification number 372.61
Author Mark SAM
100 1# - MAIN ENTRY--PERSONAL NAME
Personal name Sapna Ads
9 (RLIN) 46924
245 10 - TITLE STATEMENT
Title Tiny Tot 1001 words in prectice /
Statement of responsibility, etc. Sapna Ads
260 ## - PUBLICATION, DISTRIBUTION, ETC.
Place of publication, distribution, etc. London :
Name of publisher, distributor, etc. Heinemann,
300 ## - PHYSICAL DESCRIPTION
Other physical details all col. ill. ;
Dimensions 31 cm.
526 ## - STUDY PROGRAM INFORMATION NOTE
Program name 0
Interest level 0
Reading level 0
Title point value 372_610000000000000_SAM
526 ## - STUDY PROGRAM INFORMATION NOTE
Program name 0
Interest level 0
Reading level 0
Title point value 372_610000000000000_SAM
650 #0 - SUBJECT ADDED ENTRY--TOPICAL TERM
Topical term or geographic name entry element MCE
9 (RLIN) 379
650 #0 - SUBJECT ADDED ENTRY--TOPICAL TERM
Topical term or geographic name entry element Vocabulary
General subdivision Juvenile literature.
9 (RLIN) 46925
942 ## - ADDED ENTRY ELEMENTS (KOHA)
Source of classification or shelving scheme
Koha item type Book
Holdings
Withdrawn status Lost status Source of classification or shelving scheme Damaged status Not for loan Permanent Location Current Location Date acquired Total Checkouts Full call number Barcode Date last seen Date last checked out Price effective from Koha item type
          Military College of Engineering (MCE) Military College of Engineering (MCE) 10/27/2014 1 372.61 SAM MCE-44705 11/30/2020 03/26/2020 10/27/2014 Book
          Military College of Engineering (MCE) Military College of Engineering (MCE) 10/27/2014   372.61 SAM MCE-44706 11/10/2017   10/27/2014 Book
© 2023 Central Library, National University of Sciences and Technology. All Rights Reserved.